| 000 | 01052nam a2200253 a 4500 | ||
|---|---|---|---|
| 001 | 000021940 | ||
| 005 | 20200930011519.0 | ||
| 008 | 100915s1983 dr 000 0 spa d | ||
| 040 |
_aDO-SdBNP _bspa _cBNPHU |
||
| 082 |
_a972.9358 _bR696e, 1983 |
||
| 100 | 1 |
_aRodríguez Lora, Sebastián _98611 |
|
| 245 | 1 | 0 |
_aEstampas de mi pueblo / _cSebastián Rodríguez Lora ; prólogo Carlos Grisolia Poloney. |
| 260 |
_aSanto Domingo : _bAlfa y Omega _bCultura Puertoplateña, _c1983. |
||
| 300 |
_a397 p. ; _c21 cm. |
||
| 500 | _aIncluye índice cronológico y alfabético | ||
| 504 | _aIncluye referencias bibliográficas y notas al pie de páginas | ||
| 590 | _aInventariado, 2019/VM | ||
| 650 | 4 |
_aCiudades y pueblos _zRepública Dominicana _xHistoria _98393 |
|
| 651 | 4 |
_aPuerto Plata (República Dominicana{Rpara} _xHistoria Local _91943 |
|
| 651 | 4 |
_aPuerto Plata ( República Dominicana{Rpara} _xVida Social Y Costumbres _923251 |
|
| 700 | 1 | 2 |
_aCrisolia Poloney, Carlos, _epról. _945525 |
| 910 | _aValidado. Control de calidad BNPHU | ||
| 049 | _aBNPD | ||
| 999 |
_c21438 _d21438 |
||